| 000 | 00745nam a2200181 i 4500 | ||
|---|---|---|---|
| 001 | 164922 | ||
| 003 | ES-MaACL | ||
| 005 | 20230906213031.0 | ||
| 008 | 000928s1829 fr |||| | fre d | ||
| 040 |
_aEXT _bspa _cEXT |
||
| 100 | 1 |
_aSchlegel, Friedrich ( _d1772-1829) _9104394 |
|
| 245 | 1 | 0 |
_aHistoire de la litterature ancienne et moderne / _cpar F. Schlegel; traduit de l'allemand, sur la dernière édition, par William Duckett. |
| 260 |
_aParis : _b[s.n.] ; _aGenève : _b[s.n.], _c1829 ( _fTh. Ballimore, Librarie; Cherbuliez Librarie) |
||
| 300 |
_a2 v. (412, 424 p.) ; _c20 cm. |
||
| 650 |
_aLiteratura- _xHistoria y crítica. _914489 |
||
| 700 | 1 |
_aDuckett, William ( _d1805-1873) _945836 |
|
| 852 |
_aES-MaACL _jG-7914-15 _z-- Enc. hol. |
||
| 999 |
_c164922 _d164922 |
||